000 01226nam a2200325 a 4500
001 000111684
003 CHAP
005 20220329144225.0
008 150720s2015 mx a fsm |||||||spa d
010 _a108145
011 _a109117
040 _cCHAP
090 _aTesis
100 1 _aMantero García, Héctor Daniel
_9129619
245 1 0 _aAprovechamiento de los diferentes tipos de tierra de hoja existentes en la comunidad de Coajomulco, Huitzilac, Morelos
_h[En línea]
_cpor Héctor Daniel Mantero García.
260 _aChapingo, Méx. :
_bEl autor,
_c2015.
500 _aPara ver el contenido del material haga clic en la liga
502 _aTesis (Ing. en Recursos Naturales Renovables ) -- UACH. Departamento de Suelos
590 _aE5995AHE
_b05
_c20150720
_lUCH01
_h1121
590 _aE5995AHE
_b05
_c20150720
_lUCH01
_h1122
590 _aE5995AHE
_b05
_c20150720
_lUCH01
_h1336
650 1 4 _aMateria orgánica.
_972931
650 1 4 _aSuelos
_xFertilidad.
_9110367
650 1 4 _aTierras
_xAprovechamiento
_zMorelos.
_9129620
650 1 4 _aTierras
_xClasificación
_xMorelos.
_9113100
856 _aFinding aid
_uhttp://10.13.5.2/tesis/sist111684.pdf
_zTeclea aquí
901 _aBK
942 _cTESIS
942 _n0
999 _c108145
_d108145